LEADER 00746nam a2200205 i 4500 001 000000206766 003 CaOOAMICUS 005 20111012000000.0 008 111012s1883 it u000 u ita u 013 $a185538 040 $aSeMil$bita 100 1 $aGuerrini, Olindo,$d<1845-1916>.$0(OLS)http://semarc/name/11349 245 10$aSerie prima. 300 $a184 p. 490 0 $aCollezione Sommaruga ;$v14 773 0 $aGuerrini, Olindo <1845-1916>$tBrandelli.$dRoma : A. Sommaruga e C., 1883.$g1$w()25567 830 0$aCollezione Sommaruga ;$v14.$0(OLS)http://semarc/title/34436 850 $aSeMil 852 $aSeMil$W1$xVenegono$y1$m1R II 35 FA$j157229$B157229$CSeMilBibl$Z2$F168549 $8I 996 $6245$aSerie prima$9(OLS)http://semarc/title/120386 LEADER 00798nam a2200193 i 4500 001 000000102975 003 CaOOAMICUS 005 20260227154335.0 008 010912s1961 it u000 u ita u 040 $aSeMil$bita 245 10$a9: L'epoca di Carlo 5. (1535-1559) 300 $aXV, 917 p., [27] c. di tav., [3] c. di tav. ripieg., [16] p. di tav. 650 4$aMilano - Storia - Sec. 16.$0(OLS)http://semarc/subject/6263 773 0 $tStoria di Milano.$dMilano : Fondazione Treccani degli Alfieri per la storia di Milano, 1953-1996.$g9$w()6600 850 $aSeMil 852 $aSeMil$W1$xVenegono$y1$mSL1.K VI 9$j267818$B59436$CSeMilBibl$Z2$F43927 $8I 961 $aAcquisto: Casa editrice 996 $6245$a9: L'epoca di Carlo 5. (1535-1559)$9(OLS)http://semarc/title/149719